Greatest European Players in NHL History - Statistics

General Stats
  • This quiz has been taken 359 times
  • The average score is 11 of 20
Answer Stats
Hint Career Country Player % Correct
Forwards 2006 - Present Russia Alexander Ovechkin
92%
Forwards 1991 - 2018 Czechoslovakia Jaromír Jágr
92%
Goaltenders 1991 - 2008 Czechoslovakia Dominik Hašek
75%
Forwards 1993 - 2014 Finland Teemu Selänne
74%
Forwards 2007 - Present Russia Evgeni Malkin
69%
Forwards 2015 - Present Germany Leon Draisaitl
68%
Goaltenders 2006 - 2020 Sweden Henrik Lundqvist
65%
Forwards 1995 - 2011 Sweden Peter Forsberg
60%
Defencemen 1992 - 2012 Sweden Nicklas Lidström
59%
Forwards 1991 - 2009 Soviet Union Sergei Fedorov
57%
Forwards 1992 - 2003 Russia Pavel Bure
56%
Defencemen 1998 - 2022 Slovakia Zdeno Chára
54%
Forwards 1979 - 1998 Finland Jari Kurri
51%
Forwards 2014 - Present Russia Nikita Kucherov
50%
Defencemen 2010 - Present Sweden Erik Karlsson
47%
Defencemen 2010 - Present Sweden Victor Hedman
45%
Forwards 1998 - 2017 Slovakia Marián Hossa
43%
Forwards 1950 - 1980 Slovakia Stan Mikita
32%
Defencemen 1993 - 2009 Russia Sergei Zubov
27%
Defencemen 1995 - 2015 Russia Sergei Gonchar
20%
No matching quizzes found
Score Distribution
Percent of People with Each Score
Percentile by Number Answered
Your Score History
You have not taken this quiz